Le Monde par lettre - T - Statistiques

Statistiques générales
  • Ce quiz a été pris 335 fois
  • Le résultat moyen est 7 sur 15
Statistiques - réponses
Indices Réponses % Correct
Donald _____ (LE Donald) Trump
94%
Compagnie d'Elon Musk Tesla
85%
On pleure parfois qu'en on l'est Triste
85%
Capitale de l'Ontario Toronto
78%
Ville la plus peuplée du monde commençant par T Tokyo
67%
Boisson aromatisée originaire de l'Himalaya Thé
58%
La géographie est l'étude du ________ Territoire
57%
Pays le plus peuplé du monde commençant par T Turquie
49%
Région du Mexique portant également le nom d'une sauce piquante Tabasco
41%
Capitale de la Floride Tallahassee
20%
Deuxième ville la plus peuplée du monde commençant par T Téhéran
16%
Pays plus peuplé que les Pays-Bas, mais moins que le Sénégal Tchad
11%
Troisième ville la plus peuplée du monde commençant par T Tianjin
7%
Ville la plus peuplée des États-Unis commençant par T Tucson
6%
Langue la plus populaire commençant par T Télougou
0%
Aucun quiz correspondant
Distribution des résultats
% des personnes avec chaque résultat
Percentile par nombre de réponses
Votre historique - résultats
Vous n’avez pas pris ce quiz